000 00703nam a2200277Ia 4500
005 20260324122537.0
008 008 260324s9999 xx 000 0 eng d
020 _a9781315889870
037 _aEBOOK
040 _aCRL
040 _beng
040 _cCRL
041 _2eng
041 _aeng
084 _qCRL
100 _aJonas Wolff; Hans-Joachim Spanger; Hans-Jürgen Puhle
_91166853
245 4 _aThe Comparative International Politics of Democracy Promotion
260 _bTaylor and Francis
260 _c2013
365 _a
365 _b150
856 _uhttp://www.taylorfrancis.com/books/9781315889870
942 _cEBOOK
999 _c1759688
_d1759688